Úpadkové trestné činy a trestná zodpovednosť právnických osôb

Problematika úpadkových deliktov v trestnom práve v podmienkach Slovenskej republiky.

Salvato in:
Dettagli Bibliografici
Autore principale: Ľorko, Jakub
Altri autori: Smalik, Matej
Natura: Capitolo di libro
Lingua:slovacco
Soggetti:
Tags: Aggiungi Tag
Nessun Tag, puoi essere il primo ad aggiungerne!!

MARC

LEADER 00000naa a2200000 4500
001 0249312
005 20181204084438.0
041 0 |a slo 
044 |a SK 
245 1 0 |a Úpadkové trestné činy a trestná zodpovednosť právnických osôb  |c Jakub Ľorko, Matej Smalik 
520 |a Problematika úpadkových deliktov v trestnom práve v podmienkach Slovenskej republiky. 
610 2 0 |a činnosť trestná 
610 2 0 |a úpadok podniku 
610 2 0 |a Slovensko 
610 2 0 |a zodpovednosť právna 
610 2 0 |a osoby právnické 
610 2 0 |a právo trestné 
100 1 |a Ľorko, Jakub 
700 1 |a Smalik, Matej